000 00781nas a2200265 4500
001 BR0502851
003 BR-BrBNA
005 20231205105409.0
007 ta
008 230509b bl.|||p| |||| 00| 00por d
040 _aBR-BrBNA
_bpor
_cBiblioteca Nacional de Agricultura
041 _a(Pt)
072 _aL10; L40
100 1 _aPereira, M.L.
100 1 _aLui, J.F.
100 1 _aOliveira, J.V. de
245 1 _aCitogenética de jumentos da raça Marchadora Brasileira
650 _aJUMENTO
650 _aCARIÓTIPO
650 _aPOLIMORFISMO GENÉTICO
650 _aCROMOSSOMA
773 0 _tPesquisa Agropecuária Brasileira (Brazil)
_xISSN 0100-204X
_g(Feb 2005), v. 40(2) p. 179-182
_wBR0502851
909 _a202311
_bLúcia
_c55
_dLúcia Elande
942 _2AGRIS
_n0
_cANA
999 _c182763
_d182763